Magneticky aktívne kompozitné materiály

Na minha lista:
Detalhes bibliográficos
Autor principal: Sýkora, Richard
Formato: Livro
Idioma:eslovaco
Publicado em: Bratislava STU FCHPT 2010
Acesso em linha:View in OPAC
Tags: Adicionar Tag
Sem tags, seja o primeiro a adicionar uma tag!

MARC

LEADER 00000nam a2200000 a 4500
005 20260127133928.0
008 100820 2010 xo 000 0 slo d
035 |a vtls010124953 
039 9 |a 201008200853  |b mschk03  |y 201008200806  |z mschk03 
040 |a STUSCHK1  |b slo  |c STUSCHK1  |e AACR2 
100 1 |a Sýkora, Richard 
245 1 |a Magneticky aktívne kompozitné materiály  |c Richard Sýkora 
260 |a Bratislava  |b STU FCHPT  |c 2010 
300 |a 45 s.  |b il.  |c 30 cm 
500 |a Obháj.: 12.7. 2010 
500 |a Študijný program: technológie polymérnych materiálov 
500 |a Študijný odbor: 5.2.18 chemické technológie 
500 |a Bakalárska práca 
500 |a FCHPT, Oddelenie plastov a kaučuku 
500 |a Evidenčné číslo: 5461-50581 
910 |a SCHK95 
999 |c 240  |d 240